شرح ديوان الفرزدق / (رقم التسجيلة. 28209)
[ عرض عادي ]
| 000 -LEADER | |
|---|---|
| fixed length control field | 00630nam a22002057a 4500 |
| 005 - DATE AND TIME OF LATEST TRANSACTION | |
| control field | 20251108165441.0 |
| 008 - FIXED-LENGTH DATA ELEMENTS--GENERAL INFORMATION | |
| fixed length control field | 250721s1983 xx 000 0 ara d |
| 082 14 - DEWEY DECIMAL CLASSIFICATION NUMBER | |
| Classification number | م/811.409/فرز |
| 100 1# - MAIN ENTRY--PERSONAL NAME | |
| Personal name | الفرزدق، |
| 245 10 - TITLE STATEMENT | |
| Title | شرح ديوان الفرزدق / |
| 264 1# - PRODUCTION, PUBLICATION, DISTRIBUTION, MANUFACTURE, AND COPYRIGHT NOTICE | |
| Place of production, publication, distribution, manufacture | بيروت : |
| Name of producer, publisher, distributor, manufacturer | دار الكتاب اللبناني-مكتبة المدرسة، |
| Date of production, publication, distribution, manufacture, or copyright notice | 1983. |
| 300 ## - PHYSICAL DESCRIPTION | |
| Extent | 2ج |
| 650 17 - SUBJECT ADDED ENTRY--TOPICAL TERM | |
| Topical term or geographic name as entry element | العصر الأموي |
| 650 17 - SUBJECT ADDED ENTRY--TOPICAL TERM | |
| Topical term or geographic name as entry element | الشعر العربي |
| 650 17 - SUBJECT ADDED ENTRY--TOPICAL TERM | |
| Topical term or geographic name as entry element | التارخ الأدبي |
| 650 17 - SUBJECT ADDED ENTRY--TOPICAL TERM | |
| Topical term or geographic name as entry element | النقد الأدبي |
| 700 1# - ADDED ENTRY--PERSONAL NAME | |
| Personal name | الحاوي، إيليا |
| 942 ## - ADDED ENTRY ELEMENTS (KOHA) | |
| Source of classification or shelving scheme | Dewey Decimal Classification |
| Koha item type | مراجع |
| حالة السحب | حالة الفقدان | مصدر التصنيف | حالة التلف | غير قابل للإعارة | المكتبة الرئيسية | المكتبة الحالية | موقع الرف | تاريخ التزويد | الرقم المتسلسل | Total Checkouts | رقم الإستدعاء | الباركود | تاريخ آخر ظهور | تاريخ الفاتورة | نوع المادة (كوها) |
|---|---|---|---|---|---|---|---|---|---|---|---|---|---|---|---|
| Dewey Decimal Classification | Not For Loan | المكتبة المركزية | المكتبة المركزية | مراجع | 06/07/2004 | 188296 | م/811.409/فرز | 188296 | 28/07/2025 | 06/07/2004 | مراجع | ||||
| Dewey Decimal Classification | Not For Loan | المكتبة المركزية | المكتبة المركزية | مراجع | 06/07/2004 | 188297 | م/811.409/فرز | 188297 | 28/07/2025 | 06/07/2004 | مراجع | ||||
| Dewey Decimal Classification | Not For Loan | مكتبة أم قصير والمقابلين العامة | مكتبة أم قصير والمقابلين العامة | مراجع | 06/07/2004 | 38101 | م/811.409/فرز | 38101 | 28/07/2025 | 06/07/2004 | مراجع | ||||
| Dewey Decimal Classification | Not For Loan | مكتبة أم قصير والمقابلين العامة | مكتبة أم قصير والمقابلين العامة | مراجع | 06/07/2004 | 2802 | م/811.409/فرز | 2802 | 28/07/2025 | 06/07/2004 | مراجع | ||||
| Dewey Decimal Classification | Not For Loan | مكتبة صويلح العامة | مكتبة صويلح العامة | مراجع | 11/09/2019 | 0003319 | م/811.409/فرز | PLD00467159 | 28/07/2025 | 11/09/2019 | مراجع | ||||
| Dewey Decimal Classification | Not For Loan | مكتبة صويلح العامة | مكتبة صويلح العامة | مراجع | 30/09/2019 | 003318 | م/811.409/فرز | PLD00469720 | 28/07/2025 | 30/09/2019 | مراجع |